| 000 | 00471nam a2200193Ia 4500 | ||
|---|---|---|---|
| 008 | 170918s9999 xx 000 0 und d | ||
| 020 | _a9780545259804 | ||
| 050 | _bH474 2008 | ||
| 100 | _aHelakoski, Leslie | ||
| 245 | _aWoolbur / | ||
| 245 | _cLeslie Helakoski ; illustrated by Lee Harper. | ||
| 260 | _aNew York : | ||
| 260 | _bScholastic, | ||
| 260 | _c2008 | ||
| 300 | _aunpaged : | ||
| 300 | _bcolored illustration ; | ||
| 300 | _c25cm. | ||
| 500 | _a270 | ||
| 999 |
_c341141 _d341141 |
||